Central Library OPAC University of Rajshahi

Calculus, with analytic geometry / (Record no. 71139)

MARC details
000 -LEADER
fixed length control field 00768nam a2200241 a 4500
001 - CONTROL NUMBER
control field 71139
003 - CONTROL NUMBER IDENTIFIER
rucl marc code BD-RjUL
005 - DATE AND TIME OF LATEST TRANSACTION
control field 20211209082100.0
008 - FIXED-LENGTH DATA ELEMENTS--GENERAL INFORMATION
fixed length control field 170427s1957 maua 001 0 eng d
035 ## - SYSTEM CONTROL NUMBER
System control number (BD-RjUL)71354
040 ## - CATALOGING SOURCE
Original cataloging agency DLC
Transcribing agency DLC
Modifying agency OCL
-- ZCU
-- BD-RjUL
Language of cataloging eng
041 ## - LANGUAGE CODE
Language code of text/sound track or separate title eng
082 ## - DEWEY DECIMAL CLASSIFICATION NUMBER
Classification number 515.15
Edition number 23
Author mark and year JOC 1975
100 1# - MAIN ENTRY--PERSONAL NAME
Personal name Johnson, Richard E.,
Dates associated with a name 1913-
9 (RLIN) 165598
245 00 - TITLE STATEMENT
Title Calculus, with analytic geometry /
Statement of responsibility, etc. [by] R. E. Johnson [and] F. L. Kiokemeister. Exercises by M. S. Klamkin.
260 ## - PUBLICATION, DISTRIBUTION, ETC. (IMPRINT)
Place of publication, distribution, etc. Boston :
Name of publisher, distributor, etc. Allyn and Bacon,
Date of publication, distribution, etc. c1957.
300 ## - PHYSICAL DESCRIPTION
Pagination xii, 650 p :
Illustrations ill ;
Size 25 cm.
500 ## - GENERAL NOTE
General note Index
650 #0 - SUBJECT ADDED ENTRY--TOPICAL TERM
Topical term or geographic name as entry element Calculus.
9 (RLIN) 165599
Topical term or geographic name as entry element Geometry, Analytic.
9 (RLIN) 165600
700 1# - ADDED ENTRY--PERSONAL NAME
Personal name Kiokemeister, Fred Ludwig,
Relator term author.
942 ## - ADDED ENTRY ELEMENTS (KOHA)
Source of classification or shelving scheme Dewey Decimal Classification
Koha item type Books
Holdings
Lost status Source of classification or shelving scheme Damaged status Not for loan Collection code Permanent Location Current Location Shelving location Date acquired Source of acquisition Total Checkouts Full call number Date last seen Copy number Koha item type
  Dewey Decimal Classification   Not For Loan Non-fiction Central Library, University of Rajshahi Central Library, University of Rajshahi Reading Room 27/07/1962 Asia Foundation   515.15 JOC 1975 27/04/2017 C-1 Books